| 000 | 00517nam a22001697a 4500 | ||
|---|---|---|---|
| 008 | 240702b |||||||| |||| 00| 0 eng d | ||
| 020 | _a9789354600364 | ||
| 082 | _a515.9/B813c | ||
| 100 | _aBrown, James Ward | ||
| 245 | _aComplex variables and applications/ James Ward Brown and Ruel V. Churchill. | ||
| 250 | _a9th ed. | ||
| 260 |
_aChennai: _bMcGraw Hill Education, _c2014 |
||
| 300 | _bxvi, 461p. : ill | ||
| 650 |
_aFunctions of complex variables _947 |
||
| 700 | _aChurchill, Ruel V. | ||
| 942 |
_2ddc _cGEN |
||
| 999 |
_c115180 _d115168 |
||